[Event "Irish New Year-GM 2022"]
[Site "Dublin"]
[Date "2022.01.04"]
[Round "5.5"]
[White "Cafolla, Peter"]
[Black "Fitzsimons, David"]
[Result "1/2-1/2"]
[WhiteElo "1976"]
[BlackElo "2337"]
[Annotator "TA"]
[PlyCount "104"]
[EventDate "2022.01.02"]
[EventType "tourn"]
[EventCountry "IRL"]
[SourceTitle "playchess.com"]
[Source "ChessBase"]
[SourceQuality "1"]

{[%evp 17,104,16,30,8,6,9,16,16,17,22,24,8,15,12,16,9,20,15,19,10,15,8,4,0,54,33,35,10,16,0,0,7,23,5,12,7,5,0,0,0,0,-1,-6,-9,-13,-37,-26,-70,-47,-58,-59,-59,-22,-14,-14,-58,-10,-9,0,0,0,0,0,0,0,0,0,0,0,0,0,0,0,0,0,0,0,0,0,0,0,0,0,0,0,0,13,0,79]} 1. e4 c5 2. Nf3 d6 3. d4 cxd4 4. Nxd4 Nf6 5. Nc3 a6 6. h3 e6 7. g4 d5 8. exd5 Nxd5 9. Nde2 Bb4 10. a3 {B81: Sicilian Scheveningen: Keres Attack.} (10. Bg2 {is more complex.} O-O 11. O-O Bxc3 12. Nxc3 Nxc3 13. bxc3 Qa5 14. Qd6) 10... Bxc3+ 11. Nxc3 Nxc3 {[%csl Gc3][%cal Rd8d1] [#]} 12. Qxd8+ Kxd8 13. bxc3 Bd7 {[#]} 14. f4 $146 ({Predecessor:} 14. Bf4 e5 15. Be3 Bc6 {½-½ (15) Saltaev,M (2493)-Volokitin,A (2558) Germany 2002}) 14... Bc6 15. Rg1 Nd7 16. Be3 {[%cal Bc1e3,Be3d4,Bd4e5][%mdl 32]} Kc7 17. O-O-O Rhe8 18. Bd3 g6 19. Rdf1 Rad8 20. Bd4 Nb6 (20... f6 $11) 21. Be5+ {This bishop pair is nice.} Kc8 22. c4 Na4 23. Re1 Nc5 24. Rg3 Rd7 25. Ree3 b6 26. h4 Kb7 27. Rh3 Red8 28. Bf6 Rc8 29. Kb2 b5 30. cxb5 Bxb5 31. Bxb5 axb5 32. Rh2 {Inhibits Rd2.} (32. f5 $11 {should be considered.}) 32... Na4+ 33. Kb3 Rc4 34. Be5 Rd1 35. g5 Kc6 36. Rf3 (36. h5 $11) 36... Kb6 (36... Nc5+ $15 37. Kb2 Na4+ 38. Kb3 Nb6) 37. h5 $11 {The position is equal.} Ka5 38. hxg6 hxg6 39. Rh7 Rb1+ 40. Ka2 Rc1 41. Rf2 R1xc2+ 42. Rxc2 Rxc2+ {[%mdl 4096] Endgame KRB-KRN} 43. Kb3 Rc4 44. Rxf7 Nc5+ 45. Ka2 Nd3 46. Ra7+ Kb6 47. Rg7 Ka5 48. Ra7+ Kb6 49. Rg7 Ka5 50. Ra7+ Kb6 51. Re7 Rc6 52. Rg7 Ka5 {Weighted Error Value: White=0.07 (flawless) /Black=0.09 (flawless)} (52... Nxe5 $11 {keeps the balance.} 53. fxe5 Rc2+ 54. Kb1 Rg2) 1/2-1/2

[Event "Irish New Year-GM 2022"]
[Site "Dublin"]
[Date "2022.01.05"]
[Round "6.1"]
[White "Arkell, Keith C"]
[Black "Fitzsimons, David"]
[Result "0-1"]
[WhiteElo "2370"]
[BlackElo "2337"]
[Annotator "TA"]
[PlyCount "160"]
[EventDate "2022.01.02"]
[EventType "tourn"]
[EventCountry "IRL"]
[SourceTitle "playchess.com"]
[Source "ChessBase"]
[SourceQuality "1"]

{[%evp 9,160,-2,-1,0,0,6,4,-28,-38,-27,-9,-21,-20,-72,-79,-75,-61,-68,-71,-94,-18,-21,-35,-39,-50,-57,-14,-43,-37,-46,-20,-29,0,-38,-18,-12,-10,-11,-10,-39,-27,-40,-39,-40,-33,-34,-42,-61,-50,-60,-61,-62,-65,-68,-79,-56,0,0,0,0,0,0,0,0,0,0,0,-5,-7,-74,-70,-97,-98,-95,0,-29,-30,-77,-54,-131,-117,-287,-271,-352,-336,-421,-216,-209,-218,-210,-219,-206,-219,-213,-203,-245,-237,-326,-294,-464,-253,-258,-255,-218,-241,-222,-265,-331,-211,-222,-158,-170,-147,-154,-15,-179,-149,-154,0,-8,0,0,0,-211,-211,-211,-211,-211,-207,-482,-585,-613,-574,-506,-503,-403,-335,-677,-29955,-29965,-29965,-29964,-29961,-29939,-1052,-29988,-29989,-29992,-29979,-29979,-29980,-29979,-29977]} 1. d4 d5 2. Nf3 Nf6 3. c4 c6 4. Qc2 g6 5. Bf4 dxc4 6. Qxc4 {D11: Slav Defence: 3 Nf3 sidelines and 3...Nf6 4 e3 Bg4.} Be6 7. Qc1 Bg7 8. Bh6 {The position is equal.} Bxh6 9. Qxh6 Qb6 {[#]} 10. Qc1 $146 ({Predecessor:} 10. Qd2 c5 11. Nc3 cxd4 12. Nxd4 Bd7 13. e3 Nc6 14. Bb5 O-O 15. Nxc6 Bxc6 16. Bxc6 Rfd8 17. Qe2 Qxc6 18. O-O Rac8 {½-½ (18) Trofimov,V (2410)-Zemlyanov,S (2367) ICCF email 2017}) 10... Nbd7 11. Nbd2 (11. e3 $11) 11... c5 $1 $17 12. e3 O-O 13. Be2 Rac8 14. Qb1 Bg4 ({Better is} 14... Bf5 $1 $17 {[%cal Rf5b1]} 15. e4 Bg4) 15. O-O $11 cxd4 16. Nxd4 {[%cal Bf3d4,Bd4e2,Be2c3][%mdl 32]} Bxe2 17. Nxe2 Rc7 (17... Rfd8 $15) 18. Nc3 Rfc8 19. Nf3 Qa6 20. e4 Nb6 21. Rd1 (21. a4 {feels hotter.} Qa5 22. b4 Qh5 23. Nb5 Rc4 24. Nd2) 21... Na4 22. Nxa4 $1 Qxa4 23. e5 {b3 is the strong threat.} Nd7 24. b3 Qf4 25. e6 fxe6 {[%cal Oc7c2]} 26. Nd4 Nf8 27. g3 Qe5 28. Rd2 Rd7 29. Nf3 Qf6 30. Rxd7 Nxd7 31. Qd1 {[#]} Rf8 $1 32. Kg2 {[#]} Nb6 (32... g5 $1 $15 33. Rc1 (33. h3 Ne5) 33... g4 $1) 33. Rc1 Nd5 34. Rc4 b5 (34... Nc3 $5 35. Qd3 Nd5 $11) 35. Rc2 Nc3 36. Qd3 b4 37. a3 a5 38. axb4 axb4 39. Rd2 (39. Qe3 $11 {remains equal.}) 39... e5 $17 40. Qc4+ e6 41. Ne1 e4 ({Black should play} 41... Qf5 $1 $17 {White must now prevent ...Ne4.} 42. Qd3 e4) 42. Qd4 {To avoid Ne4} Qf5 43. Kg1 (43. h4 $1 $11) 43... Qd5 $36 {[%mdl 2048] Black is more active.} 44. Qe3 {Inhibits Ne2+.} (44. Kg2 $15) 44... Qxb3 45. Rd7 $2 (45. Nc2 $17) 45... Qa4 $1 $19 46. Ra7 Qd1 47. Kg2 {[%cal Oe3b6]} Rf7 (47... Qd5 $142 {aiming for ...Nd1.} 48. Kg1 (48. Qh6 $2 Rxf2+ 49. Kg1 Rf7 $19) 48... Nb5) 48. Rxf7 Kxf7 49. Qf4+ Ke7 $1 {Threatens to win with ...Kd7.} 50. Qc7+ Qd7 51. Qe5 Nd5 52. Qxe4 Qb7 53. Kh3 b3 {And now ...b2 would win.} 54. Qe5 (54. Qd4 $142 Nf6 55. Nd3) 54... Nf6 (54... Qb5 $142 {Hoping for ...b2.} 55. Qg7+ Kd6) 55. Nd3 Qd5 56. Qc7+ Nd7 57. Qc3 Kf7 {To avoid Qg7+} 58. Nb2 Qf5+ 59. Kg2 Qc2 60. Qd4 Qc6+ 61. Kg1 e5 (61... Qd5 $17 62. Qh4 h5 63. Qf4+ Kg8) 62. Qd1 $2 (62. Qd3 $1 $11 {and White stays safe.}) 62... Qb5 63. Qd6 Nf6 ({Black should try} 63... Ke8 $17 {White should prevent ...Kd8.} 64. h3 Kd8) 64. Qc7+ $1 $11 Ke8 65. Nc4 {White wants to mate with Nd6+.} Ne4 66. Nxe5 $2 {White is on the road to losing.} (66. h4 $11) 66... b2 $1 $19 67. Qf7+ Kd8 {Dancing on a razor blade.} 68. Qf8+ Kc7 69. Qe7+ $2 (69. Qf7+ Kd6 70. Nc4+ Qxc4 71. Qxc4 b1=Q+ 72. Kg2) 69... Kb6 $1 70. Qd8+ Kc5 $1 71. Nd3+ Kc4 {Active counter play!} 72. Nxb2+ Qxb2 73. Qc7+ $2 (73. Qc8+ Kd3 74. Qa6+ Kd2 75. Kf1 Qb1+ 76. Kg2) 73... Kd3 $1 74. Qd7+ Qd4 75. Qb5+ Kd2 76. Qa5+ Nc3 (76... Kd1 $142 77. Qa2 Nd2 78. Qe6 Qd3 79. Qg4+ Ke1 80. Qe6+ Ne4 81. Kg2 Qf1+ 82. Kf3 Qe2+ 83. Kf4 {[#]} Kxf2 $1 84. Qc6 Kg2 $1 85. g4 Kxh2 $1 86. Qxe4 g5+ 87. Kf5 Qxe4+ 88. Kxe4 Kg3 89. Kf5 Kh4 90. Kf6 Kxg4 91. Kg7 Kf5 92. Kf8 g4 93. Ke7 g3 94. Kd7 g2 95. Kd6 g1=Q 96. Kd5 Qg4 97. Kc6 Qc4+ 98. Kb6 Ke5 99. Ka7 Qb5 100. Ka8 Kd6 101. Ka7 Kc7 102. Ka8 Qb8#) 77. Qc7 Ke1 {Black mates.} 78. Qf7 Ne4 79. Kg2 Qxf2+ 80. Qxf2+ Nxf2 {Weighted Error Value: White=0.23 (precise) /Black=0.21 (precise)} 0-1

[Event "Irish New Year-GM 2022"]
[Site "Dublin"]
[Date "2022.01.05"]
[Round "6.2"]
[White "Collins, Sam E."]
[Black "Cafolla, Peter"]
[Result "1-0"]
[WhiteElo "2456"]
[BlackElo "1976"]
[Annotator "TA"]
[PlyCount "71"]
[EventDate "2022.01.02"]
[EventType "tourn"]
[EventCountry "IRL"]
[SourceTitle "playchess.com"]
[Source "ChessBase"]
[SourceQuality "1"]

{[%evp 14,71,61,60,75,81,70,81,124,117,98,120,266,168,132,128,198,183,177,169,179,22,22,18,17,0,79,80,77,79,66,75,108,132,121,115,809,132,106,0,0,0,109,0,0,0,0,0,0,0,0,0,0,0,95,55,852,843,1113,1034]} 1. e4 c5 2. Nc3 a6 3. Nf3 b5 4. d4 cxd4 5. Nxd4 Bb7 6. Bd3 e6 7. O-O d6 8. Re1 Nc6 {B43: Sicilian: Kan Variation: 5 Nc3.} 9. Nxc6 Bxc6 10. a4 b4 {[#]} (10... bxa4 $142 11. Qe2 (11. Nxa4 Nf6 $14) 11... Nf6) 11. Nd5 $1 $16 {[%mdl 512]} a5 12. c3 {[%cal Oc1e3] [#]} Nf6 $146 (12... Bd7 $16 {was worth a try.}) ({Predecessor:} 12... bxc3 13. Qb3 Ne7 14. Nxe7 Bxe7 15. Qxc3 Rc8 16. Qxg7 Bf6 17. Qg3 h5 18. Re2 h4 {1-0 (36) Perunovic,M (2624)-Stanojoski,Z (2437) Skopje 2015}) 13. Bg5 {[%cal Oc3b4]} Be7 14. cxb4 {White is much more active. Black has bad knights.} exd5 (14... Nxd5 $16 15. exd5 Bxd5) 15. Bxf6 gxf6 16. exd5 Bd7 17. b5 $2 (17. Re3 $18) 17... h5 $11 18. Qf3 {[%mdl 1024] White has compensation.} Kf8 19. Re3 {aiming for Rae1.} Bg4 (19... f5 $1 $11) 20. Qf4 $1 $36 {[%mdl 2048] Black is under strong pressure.} f5 {...Bg5 is the strong threat.} 21. Rae1 $1 Bg5 22. Re8+ $1 Qxe8 23. Rxe8+ Rxe8 24. Qxg5 Re1+ 25. Bf1 Be2 {[%csl Ge2][%cal Re1f1]} 26. Qd8+ Kg7 {[%csl Ge2][%cal Re1f1]} 27. Qg5+ Kf8 {[%csl Ge2][%cal Re1f1] [#]} 28. h4 {Dancing on a razor blade.} Bxf1 $11 ({Resist} 28... Rxf1+ 29. Kh2 $16) 29. Kh2 Rg8 $1 30. Qd8+ Kg7 31. Qg5+ Kf8 32. Qd8+ Kg7 33. Qxa5 Rge8 {[#]} (33... Re7 $11 {keeps the balance.}) 34. b6 $1 $16 {[%cal Bb5b6,Bb6b7][%mdl 32] Hoping for b7.} Rb1 $2 {[%mdl 8192]} (34... R1e7 $14) 35. b7 $18 Kg8 36. Qa8 {Weighted Error Value: White=0.25 (precise) /Black=0.26 (precise)} 1-0

[Event "Irish New Year-GM 2022"]
[Site "Dublin"]
[Date "2022.01.05"]
[Round "6.3"]
[White "O`Gorman, Tom"]
[Black "Gonzalez Garcia, Jose"]
[Result "1/2-1/2"]
[WhiteElo "2350"]
[BlackElo "2483"]
[Annotator "TA"]
[PlyCount "159"]
[EventDate "2022.01.02"]
[EventType "tourn"]
[EventCountry "IRL"]
[SourceTitle "playchess.com"]
[Source "ChessBase"]
[SourceQuality "1"]

{[%evp 10,159,-4,-1,0,0,0,0,0,0,0,0,0,0,0,0,26,0,0,-12,0,-16,-8,-16,0,0,0,0,0,-27,0,0,-7,-20,-14,-45,-40,-50,-22,-44,0,-50,-44,-89,-69,-65,-66,-65,-65,-65,-65,-71,-53,-108,-113,-229,-233,-216,-206,-197,-167,-279,-211,-223,-220,-462,-468,-457,-469,-461,-423,-425,-425,-614,-671,-668,-667,-645,-634,-731,-691,-817,-755,-1046,-1043,-921,-915,-1871,-1619,-4641,-3147,-29965,-29967,-29969,-29970,-29970,-29971,-29971,-29972,-29971,-29972,-29972,-29971,-29969,-29971,-29969,-29969,-29972,-29975,-29974,-29977,-29977,-29978,-29978,-29979,-29979,-29978,-29978,-126,-29981,-29981,-29981,-29982,-29982,-29983,-29983,-29977,-29977,-29978,-29983,-29978,-29977,-29978,-29978,-29979,-29979,-29979,-29979,-29980,-29980,-29981,-29981,-29981,-29981,0,0,0,0,0,0,0,0]} 1. e4 e6 2. d4 d5 3. Bd3 {[%cal Bf1d3,Bd3e4,Be4f3][%mdl 32]} dxe4 4. Bxe4 Nf6 5. Bf3 c5 6. Ne2 {[%cal Bg1e2,Be2d4,Bd4b3][%mdl 32]} Nc6 {[%cal Rc5d4] C01: French: Exchange Variation.} 7. Be3 cxd4 8. Nxd4 Ne5 9. Nc3 a6 10. Qe2 Nxf3+ 11. Qxf3 e5 12. Nb3 Be7 {[#]} 13. Qg3 $146 {Rd1 is the strong threat.} ({Predecessor:} 13. O-O O-O 14. Bc5 Re8 15. Rfe1 Qc7 16. Bxe7 Rxe7 17. h3 Bd7 18. Rad1 Bc6 19. Qe3 {1-0 (70) Szabo,M (2282)-Fehmer,C (2092) Tegernsee 2019}) 13... O-O {[%cal Bh8f8,Bf8d8,Bd8d3][%mdl 32]} 14. Qxe5 Ng4 15. Qd4 Nxe3 16. fxe3 Bh4+ 17. g3 Bf6 18. Qxd8 Rxd8 19. Nd1 Bg4 {[%mdl 1024] Black has compensation.} 20. c3 Bg5 21. Kf2 Rd3 22. h3 (22. Kg2 $5 {[%cal Rd1f2]} Bh5 23. Re1 $15) 22... Be6 {A strong pair of Bishops.} 23. h4 Bh6 24. Re1 Re8 (24... Rad8 $15 {should be considered.}) 25. e4 (25. Nc5 $11 Rd2+ 26. Re2 Rxe2+ 27. Kxe2) 25... g6 $36 {[%mdl 2048] Black fights for an advantage.} 26. e5 (26. Rb1 $15) 26... Bd5 27. Ne3 Bxb3 28. axb3 Rd2+ 29. Kf1 Rxb2 30. Ng4 Kg7 {Threatens to win with ...Bd2.} 31. Rad1 {[#]} ({White should play} 31. Nf6 $15 Re6 32. Nd5) 31... Bd2 $1 $17 (31... Rxb3 32. Rd7 Rb6 33. Nf6 (33. Nxh6 Kxh6 34. Rxf7 a5 $11) 33... Rxe5 34. Ne8+ (34. Rxe5 Rxf6+ 35. Kg2 b6 $16) 34... Rxe8 35. Rxe8 $16) 32. Nf6 (32. Re4 $17) 32... Re6 $19 33. Re4 Bxc3 34. Nd7 Re7 35. g4 (35. Nc5 {was the only chance.}) 35... Rh2 {And now ...Rh1+ would win.} 36. Rd3 Rxh4 37. Nf6 $2 (37. e6 Rh1+ 38. Kg2) 37... Bxe5 ({Inferior is} 37... Rxe5 38. Rxc3 Rxe4 39. Nxe4 $15) 38. Nd5 Re6 39. Rde3 Rh1+ 40. Kg2 Rh2+ 41. Kg1 {[#]} (41. Kf1 $142 f6 42. Nf4) 41... Rd2 $1 42. Rxe5 {[#]} Rxd5 $1 {[%mdl 576] Pin} 43. Rxe6 fxe6 44. Rxe6 {[%mdl 4096] Endgame KR-KR} Rb5 45. Re3 Rb4 46. Kf2 Rxg4 47. Re7+ Kh6 48. Rxb7 a5 {aiming for ...Rb4.} 49. Rb5 Rb4 50. Rxa5 Rxb3 51. Kg2 g5 {[%cal Bg6g5,Bg5g4][%mdl 32]} 52. Ra7 Kg6 53. Kh2 g4 54. Ra5 h5 {[%cal Bh7h5,Bh5h4,Bh4h3][%mdl 32]} 55. Kg2 Rf3 56. Rb5 Rf5 57. Rb8 Kg5 58. Kg3 h4+ 59. Kg2 h3+ 60. Kg3 Rf3+ 61. Kh2 Rf2+ 62. Kg1 Re2 63. Ra8 Kf4 $2 (63... g3 64. Rg8+ Kf4 65. Rf8+ Ke3 66. Re8+ Kd2 67. Rd8+ Kc2 68. Rc8+ Kd1 69. Rd8+ Rd2 70. Rg8 Rg2+ 71. Kh1 Ke1 72. Rc8 Re2 73. Kg1 Kd1 74. Rd8+ Rd2 75. Rb8 Rg2+ 76. Kh1 Rf2 77. Rb1+ Kc2 78. Ra1 Rd2 79. Ra2+ Kc1 80. Ra1+ Kb2 81. Re1 Kc2 82. Kg1 Rd1 83. Rxd1 Kxd1 84. Kf1 g2+ 85. Kf2 Kd2 86. Kf3 g1=Q 87. Ke4 h2 88. Kf4 h1=Q 89. Ke5 Qg5+ 90. Kd6 Qhd5+ 91. Kc7 Qgd8#) 64. Ra7 $2 {[%mdl 8192]} (64. Rf8+ $17 Kg3 65. Rf1) 64... Kf3 65. Rf7+ Kg3 66. Rf1 Ra2 67. Rb1 Kh4 68. Rb4 Rd2 69. Rf4 Rg2+ 70. Kh1 Re2 71. Kg1 Kg5 72. Rf8 g3 73. Rg8+ Kf4 {[%cal Re2e1]} 74. Rf8+ Ke3 75. Re8+ Kd2 76. Rd8+ Ke1 $2 (76... Kc3 {mates} 77. Rc8+ Kd2 78. Rd8+ Kc1 79. Rc8+ Kd1 80. Rd8+ Rd2 81. Rb8 Ke2 82. Re8+ Kf3 83. Rf8+ Ke4 84. Re8+ Kf5 85. Rf8+ Ke6 86. Re8+ Kf6 87. Re1 Kf5 88. Rc1 Rg2+ 89. Kh1 Rf2 90. Kg1 h2+ 91. Kh1 Kg4 92. Rc4+ Rf4 93. Rxf4+ Kxf4 94. Kg2 h1=Q+ 95. Kxh1 Kf3 96. Kg1 g2 97. Kh2 Kf2 98. Kh3 g1=Q 99. Kh4 Qg6 100. Kh3 Qh5#) 77. Rd3 $1 $11 {The position is equal.} h2+ 78. Kh1 g2+ 79. Kxh2 Kf1 (79... Kf2 $5 80. Rd1 Re8 81. Rd2+ Kf3 82. Rxg2 Rh8+ 83. Kg1 Rh6 $11) 80. Rd1+ {Weighted Error Value: White=0.57/Black=0.07 (flawless)} 1/2-1/2

[Event "Irish New Year-GM 2022"]
[Site "Dublin"]
[Date "2022.01.05"]
[Round "6.4"]
[White "Stefansson, Vignir Vatnar"]
[Black "Murphy, Conor E"]
[Result "1-0"]
[WhiteElo "2457"]
[BlackElo "2431"]
[Annotator "TA"]
[PlyCount "113"]
[EventDate "2022.01.02"]
[EventType "tourn"]
[EventCountry "IRL"]
[SourceTitle "playchess.com"]
[Source "ChessBase"]
[SourceQuality "1"]

{[%evp 11,113,0,2,-8,13,28,4,1,19,9,9,6,19,24,22,17,26,0,19,16,95,86,91,55,57,53,71,72,53,52,67,39,67,60,65,65,63,65,58,66,58,60,58,47,64,66,60,10,0,0,54,19,95,75,70,0,0,0,0,0,27,15,159,164,292,160,160,152,360,360,893,605,577,522,490,356,312,327,929,929,779,693,29964,29961,5110,1110,1110,1007,1112,1060,1064,1070,994,871,965,800,929,783,755,647,29980,878,29983,399]} 1. Nf3 d5 2. d4 Nf6 3. c4 e6 4. Nc3 Bb4 5. e3 O-O 6. Bd2 b6 7. Bd3 {E51: Nimzo-Indian: Rubinstein: 4...0-0 5 Nf3 d5.} Ba6 8. Qe2 c5 9. a3 {[#] The position is equal.} cxd4 $146 ({Predecessor:} 9... Bxc3 10. Bxc3 cxd4 11. Bxd4 Nc6 12. Bxf6 Qxf6 13. cxd5 Bxd3 14. Qxd3 Qxb2 15. Rb1 Ne5 16. Nxe5 Qxe5 17. dxe6 Qxe6 18. O-O Rfd8 19. Qa6 Qc8 20. Qb5 Qd7 {½-½ (20) Radovanovic,N (2398)-Beliavsky,A (2547) Mali Losinj 2017}) 10. axb4 dxc3 11. Bxc3 Bxc4 12. Bxc4 dxc4 13. Qxc4 Qd5 14. Qh4 Nbd7 15. O-O e5 (15... Qb7 $11 {remains equal.}) 16. Rfd1 $16 Qe6 17. Ng5 {White is more active.} Qc6 18. Qh3 {[%cal Og5h7]} h6 19. Nf3 Rfe8 20. Qf5 g6 21. Qc2 Nd5 {[%cal Oa7a5]} 22. Qd3 Nxc3 23. Qxd7 (23. bxc3 Nf6 $11) 23... Qxd7 24. Rxd7 Nb5 25. Rd5 {[%csl LRb5,LRe5]} e4 26. Rxb5 exf3 27. gxf3 $14 {[%mdl 4096] Endgame KRR-KRR} Rec8 28. f4 Kg7 29. Kg2 (29. b3 $14) 29... Rc2 $11 30. Ra2 Rd2 {To avoid Rd5} (30... Rd8 $11) 31. h4 ({Of course not} 31. Rxb6 axb6 32. Rxa8 Rxb2 $11) 31... Kf6 (31... Re8 $11 {keeps the balance.}) 32. Kf3 h5 33. e4 (33. Kg3 $14) 33... Rd3+ 34. Kg2 Rb3 35. f3 Kg7 (35... Rd8 {feels hotter.} 36. Rxa7 Rd2+ 37. Kg3 Rdd3 38. Rxb6+ Kg7) 36. f5 Rd8 {[#]} (36... gxf5 $11 37. Rxf5 Rxb4) 37. fxg6 $1 $16 (37. Rxa7 Rd2+ 38. Kg3 Rdd3 $11) 37... Kxg6 {[#]} (37... Rd7 $142) 38. Rxa7 (38. Rg5+ $1 $18 Kf6 39. Rxa7) 38... f6 39. Re7 ({But not} 39. Rxb6 $6 Rd2+ 40. Kg3 Rdd3 $14) 39... Rxb2+ $2 {This costs Black the game.} (39... Rdd3 $16) 40. Kg3 $18 Rd1 $2 (40... Rd6 41. Rb7 Rb3 42. R7xb6 (42. R5xb6 Rdd3 $11) 42... Rd4) 41. Re6 Rg1+ 42. Kf4 Rh2 43. Rbxb6 Rxh4+ 44. Ke3 Rhh1 $2 (44... Re1+ 45. Kd2 Rhh1 46. Rxf6+ Kg5 47. Rf5+ Kh4) 45. Rxf6+ Kg7 46. Rfc6 {Black must now prevent Rc7+.} h4 47. Rc7+ Kh8 48. Rh6+ (48. b5 $142 Rg7 49. Rb8+ Kh7 50. b6) 48... Kg8 49. Rch7 Rb1 50. Rxh4 Rhe1+ 51. Kf4 {Threatening mate with Kf5.} Rxb4 52. Ra7 Rf1 53. Ra3 Kg7 54. Rh5 Rb2 55. Ra7+ Kg6 56. Rg5+ (56. Rah7 $142 Rxf3+ 57. Kxf3 Ra2 58. R7h6+ Kg7 59. e5 Rd2 60. Rh7+ Kg8 61. e6) 56... Kf6 57. Rga5 $2 {Weighted Error Value: White=0.26 (precise) /Black=0.51} (57. Rag7 {mates} Rxf3+ 58. Kxf3 Rb1 59. R5g6+ Ke5 60. Re7+ Kd4 61. Rd7+ Kc4 62. Rc6+ Kb5 63. Rb7+ Kxc6 64. Rxb1) 1-0

[Event "Irish New Year-GM 2022"]
[Site "Dublin"]
[Date "2022.01.05"]
[Round "6.5"]
[White "Kanyamarala, Tarun"]
[Black "Motwani, Paul"]
[Result "0-1"]
[WhiteElo "2377"]
[BlackElo "2432"]
[Annotator "TA"]
[PlyCount "118"]
[EventDate "2022.01.02"]
[EventType "tourn"]
[EventCountry "IRL"]
[SourceTitle "playchess.com"]
[Source "ChessBase"]
[SourceQuality "1"]

{[%evp 21,118,14,10,0,24,0,1,-4,-5,-8,-4,-12,-22,-26,5,28,7,-8,5,3,5,5,5,0,5,5,5,5,5,0,0,0,-8,0,0,-24,0,0,-1,-22,-22,-27,-30,-60,-59,-67,-58,-67,-81,-84,-65,-96,-72,-74,-72,-514,-507,-492,-488,-271,-264,-254,-254,-997,-991,-1129,-1112,-1262,-1214,-1466,-1481,-1500,-1481,-1534,-1501,-1443,-1252,-918,-698,-1458,-1409,-1178,-990,-733,-575,-29970,-12793,-29968,-29967,-29978,-29979,-29979,-29980,-29985,-29986,-29986,-29981,-29976,-29970]} 1. d4 d5 2. c4 e6 3. Nc3 Nf6 4. Nf3 c5 5. cxd5 cxd4 6. Qa4+ Bd7 7. Qxd4 exd5 8. Bg5 Nc6 9. Qd2 Be6 10. e3 Be7 11. Bb5 O-O 12. O-O {D50: Queen's Gambit Declined: Dutch-Peruvian Gambit.} Qb6 13. Rfd1 (13. Bxc6 $5 bxc6 14. Rac1 $11) 13... Rfd8 14. Nd4 {The position is equal.} Nxd4 15. Qxd4 Qxd4 16. Rxd4 h6 17. Bh4 {[#]} Bc5 $146 {Hoping for ...g5.} (17... g5 $5 18. Bg3 Ne4 $11) ({Predecessor:} 17... g5 18. Bg3 Nh5 19. Be5 f6 20. Bc7 Rdc8 21. Be2 Rxc7 22. Bxh5 Rd8 23. Bf3 Kg7 24. Rad1 Bc5 {1-0 (51) Euwe,M-Milner Barry,P Hastings White Rock Pavilion 1939}) 18. Bxf6 gxf6 19. Rd3 d4 (19... a6 $5 20. Ba4 d4 $11) 20. Ne4 {[%csl LRc5,LRf6]} Rac8 21. Nxc5 Rxc5 22. Ba4 Ra5 23. Bd1 Rxa2 24. Rxa2 Bxa2 25. exd4 $11 {[%mdl 4096] Endgame KRB-KRB} Bd5 26. h3 Rd6 27. Kh2 a5 {[%cal Ba7a5,Ba5a4][%mdl 32]} 28. Kg3 Kf8 29. Bf3 Bc4 30. Rd2 (30. Rc3 $5 {[%cal Rc3c4]} b5 31. b3 $11) 30... b5 31. Kf4 Ke7 32. Rd1 a4 33. Ke3 Ra6 34. d5 Kd6 35. Kd4 a3 36. bxa3 Rxa3 37. Rd2 Ra4 {Black is more active.} 38. Ke3 $2 {[%mdl 8192] Loses the game.} (38. Bd1 $17 Ra3 39. h4) 38... Ke5 $19 {( -> ...Ra3+)} 39. Rb2 Ra3+ 40. Kd2 {[#]} Ra2 $1 41. Rxa2 Bxa2 {KB-KB} 42. Be2 $2 (42. Kc3 Bxd5 43. Bh5) 42... b4 43. Ke3 Kxd5 {And now ...b3 would win.} 44. Bh5 Kc5 45. Kd2 Kd4 46. Kc2 Bc4 47. Bg4 Bd5 48. g3 Be6 49. Bh5 f5 {[%cal Bf6f5,Bf5f4][%mdl 32] [#] ...f4! is the strong threat.} 50. h4 Ke4 {Inhibits Bf3+.} 51. Kd2 Bc4 52. Bd1 f4 53. f3+ Ke5 (53... Kd4 $142 54. gxf4 b3 55. f5 b2 56. Bc2 Ba2 57. f6 b1=Q 58. Bxb1 Bxb1 59. h5 Bd3 60. f4 Bf5 61. Ke2 Bg4+ 62. Kf2 Ke4 63. Kg3 Bxh5 64. Kh4 Bd1 65. Kh3 Kxf4 66. Kh4 h5 67. Kh3 Kg5 68. Kg3 h4+ 69. Kh2 Bg4 70. Kg2 Kf4 71. Kg1 h3 72. Kh2 Kf3 73. Kg1 Ke2 74. Kh1 Kf1 75. Kh2 Kf2 76. Kh1 Kg3 77. Kg1 h2+ 78. Kh1 Bf3#) 54. g4 f6 {Black mates.} 55. h5 Kd4 56. Bc2 Bd5 57. Bd1 b3 {[%cal Bb4b3,Bb3b2][%mdl 32]} 58. Be2 b2 59. Kc2 Ke3 {[%csl LRe2,LRf3] Weighted Error Value: White=0.78/Black=0.25 (precise)} 0-1

[Event "Irish New Year-GM 2022"]
[Site "Dublin"]
[Date "2022.01.05"]
[Round "7.1"]
[White "Motwani, Paul"]
[Black "Arkell, Keith C"]
[Result "1/2-1/2"]
[WhiteElo "2432"]
[BlackElo "2370"]
[Annotator "TA"]
[PlyCount "33"]
[EventDate "2022.01.02"]
[EventType "tourn"]
[EventCountry "IRL"]
[SourceTitle "playchess.com"]
[Source "ChessBase"]
[SourceQuality "1"]

{[%evp 14,33,23,31,25,20,46,40,54,46,59,55,50,49,96,90,104,108,116,18,71,-12]} 1. Nf3 d5 2. d4 Nf6 3. c4 c6 4. Nc3 g6 5. e3 Bg7 6. h3 O-O 7. Bd3 a6 8. O-O b5 {D94: Grünfeld: 4 Nf3 Bg7 5 e3.} 9. b3 Bf5 10. Bxf5 gxf5 {White is slightly better.} 11. Ne5 Qd6 12. a4 {[%cal Ra4b5]} b4 13. Ne2 {[#]} Ne4 $146 (13... a5 $14) ({Predecessor:} 13... a5 14. Bb2 e6 15. Rc1 Nfd7 16. Nd3 Na6 17. Nef4 Rfc8 18. Qf3 Nc7 19. Nh5 Ne8 {1-0 (37) Rahman,Z (2532)-Formanek,E (2298) Philadelphia 2004}) 14. f3 $16 Nc3 15. Nxc3 bxc3 16. Nd3 (16. Ba3 $16 Qe6 17. Qe1) 16... Nd7 {[#]} (16... c5 $11) 17. Qc2 {Weighted Error Value: White=0.15 (very precise) /Black=0.23 (precise)} (17. c5 $1 $16 {[%cal Rc5d6]} Qf6 18. f4) 1/2-1/2